| 000 | 00428nam a2200169 4500 | ||
|---|---|---|---|
| 001 | 9920 | ||
| 005 | 20231025103940.0 | ||
| 008 | 231025b |||||||| |||| 00| 0 POR d | ||
| 020 | _a9788555390449 | ||
| 040 | _cComplexo Educacional Contemporâneo | ||
| 080 | _a028.5 | ||
| 100 |
_aRosseb, Gustavo _bR828 _9722 |
||
| 245 | _aO Oitavo Vilarejo | ||
| 250 | _a2° | ||
| 260 |
_aSão Paulo _bJangada _c2016 |
||
| 942 |
_2udc _n0 _cBK _e2° |
||
| 999 |
_c9920 _d9920 |
||